| 000 | 02703cam a22002054a 4500 | ||
|---|---|---|---|
| 005 | 20250605164110.0 | ||
| 008 | 250528s ||||||||||||||||||||||||d | ||
| 035 | _a17860 | ||
| 020 | _a9789601649726 | ||
| 040 |
_aGR-AtMCL _bgre _dGR-AtMCL _eAACR2 |
||
| 245 | 1 | _aΗ Τέχνη της Καθαρής Σκέψης / 52 Λάθος Τρόποι Ζωής που θα ήταν Καλύτερα να Αφήσετε για Άλλους...: Δέκατη Έκδοση | |
| 250 | _a10η | ||
| 260 |
_bΠατάκη, _c2016 |
||
| 300 | _a382 | ||
| 520 | _aΑν θέλετε να μάθετε πώς οι γνωστικές πλάνες σας απομακρύνουν από μια καλύτερη ζωή, θα πρέπει να διαβάσετε το παρόν βιβλίο για την ανθρώπινη ανορθολογικότητα. Πρόλογος, Η Πλάνη του Επιζώντος, Η Ψευδαίσθηση του Σώματος του Κολυμβητή, Η Υπερβολική Αυτοπεποίθηση, Η Κοινωνική Απόδειξη, Το Σόφισμα του Ανεπανόρθωτου Κόστους, Η Αμοιβαιότητα, Η Πλάνη της Επιβεβαίωσης, Η Πλάνη του Κύρους, Η Επίδραση της Αντίθεσης, Η Πλάνη της Διαθεσιμότητας, Η Παγίδα της Άποψης ''Η Επιδείνωση Προηγείται της Βελτίωσης'', Η Πλάνη της Ιστορίας, Η Αναδρομική Πλάνη, Η Γνώση του Σοφέρ, Η Ψευδαίσθηση του Ελέγχου, Η Ευαισθησία στις Προτροπές και στα Κίνητρα, Η Επιστροφή στον Μέσο Όρο, Η Τραγωδία των Κοινών Πόρων, Η Πλάνη του Αποτελέσματος, Το Πάράδοξο της Επιλογής, Η Πλάνη της Συμπάθειας, Το Συναίσθημα της Κτητικότητας, Το Θαύμα, Η Ομαδική Σκέψη, Η Παράβλεψη των Πιθανοτήτων, Η Πλάνη του Μηδενικού Ρίσκου, Η Πλάνη της Σπανιότητας, Η Παραμέληση της Βασικής Συχνότητας, Το Σόφισμα του Παίκτη, Η Πλάνη του Σημείου Εκκίνησης, Η Επαγωγική Πλάνη, Η Κοινωνική Τεμπελιά, Το Φαινόμενο της Άλω, Η Πλάνη της Εστίασης, Η Πλάνη της Αμέλειας, Η Τύχη του Πρωτάρη, Επίλογος. | ||
| 700 | 1 |
_aΝτομπέλλι Ρόλφ _94144 |
|
| 942 | _cBK | ||
| 999 |
_c3260 _d3260 |
||